000 01181cam a22002891 4500
001 17812
003 BD-RjUL
005 20211209000209.0
008 140219s1947 njuf b 000 0 eng
035 _a(BD-RjUL)17870
040 _aDLC
_cDLC
_dDLC
_dBD-RjUL
_beng
041 _aeng
082 0 0 _a791.4
_bKRF
100 1 _aKracauer, Siegfried,
_d1889-1966.
_954961
245 1 0 _aFrom Caligari to Hitler,
_ba psychological history of the German film /
_cSiegfried Kracauer.
260 _aPrinceton, N.J. :
_bPrinceton university press,
_c1947.
300 _axii, 361 p. :
_bplates. ;
_c24 cm.
500 _aIncludes as supplement (p. [273]-331) "Propaganda and the Nazi war film" which, with a few changes, is a reprint of the author's pamphlet of the same title issued in 1942 by the Museum of modern art Film library. cf. p. [273]
504 _aBibliography: p. 333-346.
650 0 _aMotion pictures
_zGermany.
_954962
650 0 _aMotion pictures
_zGermany
_xPsychological aspects.
_954963
650 0 _aNational socialism and motion pictures.
_954964
740 0 _aPropaganda and the Nazi war film.
942 _2ddc
_cBK
999 _c17812
_d17812